Statistics for Barcelona 2008/09 squad

Click here to take the quiz!

General Stats

  • This quiz has been taken 47 times
  • The average score is 14 of 24

Answer Stats

Shirt no.Player% Correct
10Lionel Messi
98%
5Carles Puyol
95%
8Andrés Iniesta
93%
6Xavi
93%
3Gerard Piqué
90%
9Samuel Eto'o
90%
1Víctor Valdés
88%
20Dani Alves
80%
Pep Guardiola
78%
27Pedro
75%
28Sergio Busquets
75%
22Eric Abidal
73%
14Thierry Henry
73%
24Yaya Touré
53%
4Rafael Márquez
43%
13José Manuel Pinto
38%
15Seydou Keita
38%
11Bojan Krkić
30%
16Sylvinho
23%
21Alexander Hleb
20%
7Eidur Gudjohnsen
18%
25Albert Jorquera
15%
18Gabriel Milito
15%
2Martín Cáceres
15%

Score Distribution

Percentile by Number Answered

Percent of People with Each Score

Your Score History

You have not taken this quiz